000 00504nam a2200193Ia 4500
005 20250326141410.0
008 250326s9999 xx 000 0 und d
037 _aTextbook
040 _aFMSL
_beng
_cFMSL
041 _aeng
_2eng
084 _qFMSL
100 _aPolsby N W
_9744355
245 0 _aPresidential Election
_cPolsby N W; Wildavsky A
250 _a4th
260 _aNew Delhi
_bNew Delhi, Oxford & IBH Pub. co.
_c1976
300 _a315p
942 _cTB
999 _c1290124
_d1290124